• 首页
  • 本馆介绍
  • 公告通知
  • 最新文献
  • 馆藏检索
  • 电子资源
  • 读者导购
  • 参考咨询
  • 我的图书馆
  • 登录
  • 详细信息显示
  • 放入我的书架
  • 预约/预借图书
  • 作者相关作品
  • 分类相关作品
  • 丛书相关作品
  • 出版社相关作品

书目信息

  • 表格格式
  • 工作单格式
  • 卡片格式
题名:
变分不等式问题与算法
    
 
作者: 方长杰 , 陈胜兰 著
分册:  
出版信息: 北京   科学出版社  2017.1
页数: 187页
开本: 24cm
丛书名:
单 册:
中图分类: O178
科图分类:
主题词: 变分不等式--研究
电子资源:
ISBN: 978-7-03-050995-6
000 00929nam0 2200241 450
001 0400003790
005 20171022142113.0
010    @a978-7-03-050995-6@dCNY78.00
100    @a20170215e2017 em y0chiy50 ea
101 0  @achi
102    @aCN@b110000
105    @ay z 000yy
106    @ar
200 1  @a变分不等式问题与算法@9bian fen bu deng shi wen ti yu suan fa@f方长杰,陈胜兰著
210    @a北京@c科学出版社@d2017.1
215    @a187页@d24cm
330    @a本书主要介绍了变分不等式的若干迭代算法、变分不等式与不动点问题、集值变分不等式的投影算法、与集合序列相关的几类变分不等式的投影算法、Hadamard流形上向量变分不等式与向量优化问题、Hadamard流形上变分不等式的投影算法、集值变分不等式的Gap-泛函、半变分不等式等内容。
606 0  @a变分不等式@x研究
690    @aO178@v5
701  0 @a方长杰@9fang chang jie@4著
701  0 @a陈胜兰@9chen sheng lan@4著
801  0 @aCN@b91MARC@c20171022
905    @b1023180-4@dO178@f5@e100
    
    变分不等式问题与算法/方长杰,陈胜兰著.-北京:科学出版社,2017.1
    187页;24cm
    
    
    ISBN 978-7-03-050995-6:CNY78.00
    本书主要介绍了变分不等式的若干迭代算法、变分不等式与不动点问题、集值变分不等式的投影算法、与集合序列相关的几类变分不等式的投影算法、Hadamard流形上向量变分不等式与向量优化问题、Hadamard流形上变分不等式的投影算法、集值变分不等式的Gap-泛函、半变分不等式等内容。
●
相关链接 在E读中查询图书 在五车中查询图书 在当当中查询图书 在豆瓣中查询图书


正题名:变分不等式问题与算法     索取号:O178/100         预约/预借

序号 登录号 条形码 馆藏地/架位号 状态 备注
1 1023180   210231809   第二样本阅览室/ [索取号:O178/100] 在馆    
2 1023181   210231818   密集书库-数信学院/ [索取号:O178/100] 在馆    
3 1023182   210231827   第三借阅区/ [索取号:O178/100] 在馆    
4 1023183   210231836   第三借阅区/ [索取号:O178/100] 在馆    
5 1023184   210231845   第三借阅区/ [索取号:O178/100] 在馆    
唐山师范学院图书馆 欢迎您!
大连网信软件有限公司© 版权所有